| 000 | 00569nam a2200193Ia 4500 | ||
|---|---|---|---|
| 003 | OSt | ||
| 005 | 20221007082717.0 | ||
| 006 | a|||||r|||| 00| 0 | ||
| 007 | ta | ||
| 008 | 221006b |||||||| |||| 00| 0 eng d | ||
| 024 | _a23,364 | ||
| 037 | _cDissertations | ||
| 040 |
_aFLL _cFLL _beng |
||
| 041 |
_2eng _aeng |
||
| 100 | _aSharma D.K. | ||
| 245 | 0 |
_aParliamentary supremacy and judicial review _b The indian experience with reference to constitutional amendment of fundamental rights |
|
| 942 |
_cDIS _2CC |
||
| 999 |
_c1167463 _d1167463 |
||